| 000 -LEADER |
| fixed length control field |
00732nam a2200241Ia 4500 |
| 001 - CONTROL NUMBER |
| control field |
1443 |
| 003 - CONTROL NUMBER IDENTIFIER |
| control field |
GE_BSU |
| 008 - FIXED-LENGTH DATA ELEMENTS--GENERAL INFORMATION |
| fixed length control field |
181216s||||||||xx |||||||||||||| ||und|| |
| 010 ## - LIBRARY OF CONGRESS CONTROL NUMBER |
| LC control number |
5820600460 |
| 040 ## - CATALOGING SOURCE |
| Transcribing agency |
GE_BSU |
| 080 ## - UNIVERSAL DECIMAL CLASSIFICATION NUMBER |
| Universal Decimal Classification number |
681.3.06 |
| 100 ## - MAIN ENTRY--PERSONAL NAME |
| Personal name |
Андреев;А.Г.и др. |
| 245 ## - TITLE STATEMENT |
| Title |
Microsoft.Windows 2000 Server.Русская Версия |
| 245 ## - TITLE STATEMENT |
| Statement of responsibility, etc. |
Под общ.ред .А.Чекмарева;и Вишнякова. |
| 260 ## - PUBLICATION, DISTRIBUTION, ETC. |
| Place of publication, distribution, etc. |
Санкт-Петербург. |
| 260 ## - PUBLICATION, DISTRIBUTION, ETC. |
| Date of publication, distribution, etc. |
2000. |
| 300 ## - PHYSICAL DESCRIPTION |
| Extent |
960 c. |
| 653 ## - INDEX TERM--UNCONTROLLED |
| Uncontrolled term |
Windows 2000 Server. |
| 653 ## - INDEX TERM--UNCONTROLLED |
| Uncontrolled term |
ინფორმატიკა |
| 653 ## - INDEX TERM--UNCONTROLLED |
| Uncontrolled term |
საინფორმაციო ტექნოლოგიები |
| 942 ## - ADDED ENTRY ELEMENTS (KOHA) |
| Koha item type |
წიგნი |